1601 1071 1186 1220 1502 1799 1537 1739 1499 1764 1235 1530 1436 1307 1514 1615 1692 1335 1450 1066 1329 1543 1773 1919 1943 1662 1410 1461 1498 1551 1101 1127 1853 1672 1018 1253 1604 1213 1078 1649 1814 1198 1503 1070 1426 1013 1788 1321 1604 1943 1733 1970 1993 1713 1314 1091 1673 1352 1949 1176 1044 1903 1332 1473 1218 1557 1611 1287 1709 1675 1362 1151 1055 1210 1926 1379 1577 1803 1507 1845 1691 1676 1928 1906 1964 1660 1346 1360 1314 1406 1957 1210 1067 1442 1287 1300 1688 1280 1940 BCNSPRNW ULIB Ver.6.0+V

เปลี่ยนเป็นภาษาไทย

Change to English
 แสดงรายละเอียดบรรณานุกรม
  กลับหน้าหลัก

Brief Record : Get Marc (ISO 2709) : E-mail record : QR code < ปิดหน้าต่าง
LEADER : 00000nam 2200000uu 4500
001    13399109608
003     ULIB
008    110308s2552||||th 000 0 tha d
020    9786165311526
060  4 WB520^bป524ก 2552
100 0  ปัญญา ไพศาลอนันต์
245 00 น้ำ โอสถทิพย์พิชิตโรค/^cปัญญา ไพศาลอนันต์
260    กรุงเทพฯ:^bแบงค์คอกบุ๊คส์,^c2552
300    63 หน้า:^bภาพประกอบ
650  7 น้ำ
650  7 ประโยชน์ของน้ำ
945    ^p59^l0^i027112
945    ^p59^l0^i027111
995    ทศพร
999 ^a ใช้งานได้ทุกระบบ
รายการนี้ยังไม่มีแท็ก
คุณยังไม่ได้ล็อกอิน คุณสามารถมีกิจกรรมร่วมกับเว็บไซต์ได้ แต่ต้องล็อกอินก่อน ::
  ล็อกอิน

รายการสื่อสารสนเทศ

ลำดับที่ ประเภท เลขเรียก/บาร์โค้ด สถานที่ สถานะ
- ไม่พบข้อมูล -

รายการใกล้เคียง
    ผู้แต่ง [ปัญญา ไพศาลอนันต์]

    หัวเรื่อง [น้ำ]
    หัวเรื่อง [ประโยชน์ของน้ำ]

BibComment


ยังไม่เคยถูกคอมเมนท์

คอมเมนท์ทรัพยากรรายการนี้
  คอมเมนท์: น้ำ โอสถทิพย์พิชิ..


 Copyright 2026. Bcnsprnw @Library